Understanding anatomy and physiology in nursing (Record no. 43429)

MARC details
000 -LEADER
fixed length control field 00350nam a2200145Ia 4500
020 ## - INTERNATIONAL STANDARD BOOK NUMBER
ISBN 078938230
050 ## - CALL MARK
Classification number RT 69 .A5 .K55/
100 ## - STATEMENT OF RESPONSIBILITY--MAIN AUTHOR NAME
Personal name Knight, John
245 #0 - TITLE STATEMENT
Title Understanding anatomy and physiology in nursing
260 ## - PUBLICATION, DISTRIBUTION, ETC. (IMPRINT)
Year of publication 2023
300 ## - PHYSICAL DESCRIPTION
Number of Pages 444 p
942 ## - ADDED ENTRY ELEMENTS (KOHA)
Koha item type Books
Holdings
Withdrawn status Lost status Source of classification or shelving scheme Damaged status Not for loan Permanent Location Current Location Shelving location Date acquired Accession Number Price effective from Koha item type
    Library of Congress Classification     NILE UNIVERSITY OF NIGERIA - MAIN LIBRARY NILE UNIVERSITY OF NIGERIA - MAIN LIBRARY Items on shelf 06/03/2025 0197831 06/03/2025 Books
    Library of Congress Classification     NILE UNIVERSITY OF NIGERIA - MAIN LIBRARY NILE UNIVERSITY OF NIGERIA - MAIN LIBRARY Items on shelf 06/03/2025 0197832 06/03/2025 Books